LIBRARY & INFORMATION CENTRE, KCAET, TAVANUR

ONLINE PUBLIC ACCESS CATALOGUE (OPAC)

Laboratory manual of experiments in physics / (Record no. 10144)

MARC details
000 -LEADER
fixed length control field 00563cam a2200205ua 4500
041 ## - LANGUAGE CODE
Language code of text/sound track or separate title eng
082 ## - DEWEY DECIMAL CLASSIFICATION NUMBER
Classification number 530
Item number ING/LA
100 ## - MAIN ENTRY--AUTHOR NAME
Personal name Ingersoll, Leonard Rose .
245 ## - TITLE STATEMENT
Title Laboratory manual of experiments in physics /
250 ## - EDITION STATEMENT
Edition statement 6 /
260 ## - PUBLICATION, DISTRIBUTION, ETC. (IMPRINT)
Place of publication New York :
Name of publisher McGraw Hill Book Company ,
Year of publication 1953.
300 ## - PHYSICAL DESCRIPTION
Number of Pages 286 ; .
700 1# - ADDED ENTRY--PERSONAL NAME
Personal name Martin, Miller Jay .
700 1# - ADDED ENTRY--PERSONAL NAME
Personal name Rouse , Theodore Alton .
942 ## - ADDED ENTRY ELEMENTS (KOHA)
Koha item type Books
Holdings
Withdrawn status Lost status Damaged status Home library Current library Date acquired Full call number Accession Number Koha item type
      KAUAET KAUAET 07/04/2012 530 ING/LA 5948 Books
free website counter